AWAKENING TO A WORD OF NEED: (Record no. 72)

MARC details
000 -LEADER
fixed length control field 00467nam a2200181Ia 4500
003 - CONTROL NUMBER IDENTIFIER
control field OSt
005 - DATE AND TIME OF LATEST TRANSACTION
control field 20241126110329.0
008 - FIXED-LENGTH DATA ELEMENTS--GENERAL INFORMATION
fixed length control field 160523b xxu||||| |||| 00| 0 eng d
020 ## - INTERNATIONAL STANDARD BOOK NUMBER
International Standard Book Number 0851109896
040 ## - CATALOGING SOURCE
Transcribing agency gbc
082 ## - DEWEY DECIMAL CLASSIFICATION NUMBER
Classification number 266 CHE
100 ## - MAIN ENTRY--PERSONAL NAME
Personal name "CHESTER, TIMOTHY"
245 ## - TITLE STATEMENT
Title AWAKENING TO A WORD OF NEED:
Remainder of title THE RECOVERY OF EVANGELICAL SOCIAL CONCERN
260 ## - PUBLICATION, DISTRIBUTION, ETC.
Name of publisher, distributor, etc. INTER VERSITY PRESS,
Place of publication, distribution, etc. London:
Date of publication, distribution, etc. c1993
300 ## - PHYSICAL DESCRIPTION
Extent 240p.
653 ## - INDEX TERM--UNCONTROLLED
Uncontrolled term Missions
942 ## - ADDED ENTRY ELEMENTS (KOHA)
Source of classification or shelving scheme Dewey Decimal Classification
Koha item type Books
Holdings
Withdrawn status Lost status Source of classification or shelving scheme Damaged status Not for loan Home library Current Library Shelving location Date acquired Source of acquisition Total checkouts Full call number Barcode Date last seen Price effective from Koha item type
    Dewey Decimal Classification     GRACE BIBLE COLLEGE GRACE BIBLE COLLEGE Ministry & Mission 2016-05-23 GBC   266 CHE 004095 2025-05-09 2016-05-23 Books
© Grace Bible College Library 2025